[Event "SWE-chT 1819 Superettan"]
[Site "Sweden"]
[Date "2019.03.31"]
[Round "9"]
[White "Svensson, Mans"]
[Black "Bengtsson, Jonas"]
[Result "1/2-1/2"]
[WhiteElo "2147"]
[BlackElo "2122"]
[PlyCount "120"]
[EventDate "2018.11.09"]
[EventType "team-tourn"]
[EventRounds "9"]
[EventCountry "SWE"]
[SourceTitle "EXT 2020"]
[Source "ChessBase"]
[SourceDate "2019.10.17"]
[SourceVersion "1"]
[SourceVersionDate "2019.10.17"]
[SourceQuality "1"]
[WhiteTeam "Upsala"]
[BlackTeam "Manhem"]
[WhiteTeamCountry "SWE"]
[BlackTeamCountry "SWE"]

1. d4 Nf6 2. c4 e6 3. Nc3 Bb4 4. Nf3 c5 5. g3 cxd4 6. Nxd4 0-0 7. Bg2 d5 8. Qb3 Bxc3+ 9. bxc3 e5 10. Nf3 dxc4 11. Qxc4 Nc6 12. 0-0 Qc7 13. Rd1 Be6 14. Qc5 h6 15. Ba3 Rfd8 16. Nd2 Bd5 17. Bh3 b6 18. Qe3 Na5 19. Rdc1 Nc4 20. Nxc4 Bxc4 21. Rc2 e4 22. Re1 Qe5 23. Qc1 Rd5 24. Bg2 Rad8 25. Qb2 h5 26. Qb4 b5 27. Qe7 Qf5 28. Rcc1 h4 29. Qxa7 hxg3 30. fxg3 R5d7 31. Qe3 Qh5 32. h3 Re8 33. Qf4 Nd5 34. Qg4 Qxg4 35. hxg4 Ra7 36. Bc5 Rxa2 37. Kf2 Kh7 38. Rh1+ Kg6 39. Bf1 Nf6 40. Rh4 Re6 41. Be3 Rea6 42. g5 Nd5 43. Rxe4 Nxe3 44. Kxe3 Kxg5 45. Kf2 Rf6+ 46. Kg1 Rd6 47. Kf2 Rdd2 48. Ke1 f5 49. Re7 g6 50. Kf2 Kg4 51. Re5 g5 52. Re3 f4 53. gxf4 Kxf4 54. Rf3+ Kg4 55. Rg3+ Kh5 56. Re3 g4 57. Kg3 Bxe2 58. Re5+ Kg6 59. Bxe2 Rxe2 60. Rxe2 Rxe2 1/2-1/2

[Event "SWE-chT 1718 Elite"]
[Site "Sweden"]
[Date "2017.10.22"]
[Round "3.3"]
[White "Svensson, Mans"]
[Black "Penalver, Osmani"]
[Result "1/2-1/2"]
[WhiteElo "2166"]
[BlackElo "2240"]
[PlyCount "70"]
[EventDate "2017.10.20"]
[EventType "team-tourn"]
[EventRounds "9"]
[EventCountry "SWE"]
[SourceTitle "CBM 181 Extra"]
[Source "ChessBase"]
[SourceDate "2017.12.12"]
[SourceVersion "1"]
[SourceVersionDate "2017.12.12"]
[SourceQuality "1"]
[WhiteTeam "Upsala"]
[BlackTeam "Limhamn"]
[WhiteTeamCountry "SWE"]
[BlackTeamCountry "SWE"]

1. d4 Nf6 2. c4 e6 3. Nc3 Bb4 4. Nf3 b6 5. Bg5 h6 6. Bh4 g5 7. Bg3 Ne4 8. Qc2 Bb7 9. e3 Bxc3+ 10. bxc3 d6 11. Bd3 Nxg3 12. fxg3 c5 13. 0-0 Qe7 14. Nd2 Nc6 15. Ne4 0-0-0 16. Nf6 Kb8 17. Rae1 Rc8 18. Qf2 Rc7 19. g4 Na5 20. d5 exd5 21. Nxd5 Bxd5 22. cxd5 c4 23. Bc2 Qe5 24. Qf6 Re7 25. Rf5 Qxf6 26. Rxf6 Nb7 27. e4 Kc7 28. Ref1 Nd8 29. R1f3 h5 30. Rh3 h4 31. g3 Re5 32. gxh4 gxh4 33. Rhf3 Kd7 34. h3 Ke7 35. Kf2 Rh7 1/2-1/2

[Event "SWE-chT 1718 Elite"]
[Site "Sweden"]
[Date "2017.10.21"]
[Round "2.2"]
[White "Svensson, Mans"]
[Black "Jogstad, Martin"]
[Result "0-1"]
[WhiteElo "2166"]
[BlackElo "2283"]
[PlyCount "90"]
[EventDate "2017.10.20"]
[EventType "team-tourn"]
[EventRounds "9"]
[EventCountry "SWE"]
[SourceTitle "CBM 181 Extra"]
[Source "ChessBase"]
[SourceDate "2017.12.12"]
[SourceVersion "1"]
[SourceVersionDate "2017.12.12"]
[SourceQuality "1"]
[WhiteTeam "Upsala"]
[BlackTeam "Lunds"]
[WhiteTeamCountry "SWE"]
[BlackTeamCountry "SWE"]

1. d4 d5 2. c4 c6 3. Nf3 Nf6 4. Qc2 dxc4 5. e4 b5 6. b3 cxb3 7. axb3 e6 8. Bd2 a5 9. Bd3 Bb7 10. 0-0 Be7 11. Nc3 Na6 12. e5 Nb4 13. exf6 Nxc2 14. fxe7 Qxe7 15. Bxc2 0-0 16. Ne4 Qc7 17. Nc5 Ra7 18. Rfc1 Bc8 19. Be4 f6 20. Nd3 Bd7 21. Bf4 Qc8 22. Nb4 Qb7 23. Nxc6 Bxc6 24. Bxc6 Qa6 25. Rc5 b4 26. Bb5 Qb6 27. Bc4 Re8 28. Rb5 Qd8 29. Rb8 Qe7 30. Rb6 Qd8 31. Rxe6 Rxe6 32. Bxe6+ Kf8 33. Rc1 g5 34. Be3 Rc7 35. Rd1 Rc6 36. Bf5 Qd5 37. Bxh7 Qxb3 38. Re1 a4 39. Be4 Re6 40. Bf5 Re8 41. Rb1 Rxe3 42. fxe3 Qxe3+ 43. Kh1 a3 44. Rxb4 a2 45. Rb8+ Qe8 0-1

[Event "SWE-chT 1011"]
[Site "Sweden"]
[Date "2011.02.05"]
[Round "7"]
[White "Sagit, Rauan"]
[Black "Svensson, Mans"]
[Result "1-0"]
[WhiteElo "2404"]
[BlackElo "2192"]
[PlyCount "71"]
[EventDate "2010.10.08"]
[EventType "team-tourn"]
[EventRounds "11"]
[EventCountry "SWE"]
[SourceTitle "EXT 2012"]
[Source "ChessBase"]
[SourceDate "2011.11.24"]
[SourceVersion "1"]
[SourceVersionDate "2011.11.24"]
[SourceQuality "1"]
[WhiteTeam "Team Viking"]
[BlackTeam "Upsala"]
[WhiteTeamCountry "SWE"]
[BlackTeamCountry "SWE"]

1. e4 c5 2. Nf3 Nc6 3. Bb5 e6 4. 0-0 Nge7 5. c3 d5 6. exd5 Qxd5 7. Re1 Bd7 8. Na3 Ng6 9. Bf1 Be7 10. Nc2 0-0 11. d4 cxd4 12. cxd4 Nb4 13. Ne3 Qd6 14. a3 Nd5 15. Nc4 Qc7 16. Bd2 Rad8 17. Rc1 Qb8 18. Qb3 Bf6 19. g3 Nge7 20. Nce5 Nc6 21. Ng4 Be7 22. h4 Kh8 23. h5 f6 24. h6 g6 25. Ne3 Nxe3 26. Rxe3 Qd6 27. d5 exd5 28. Rce1 d4 29. Rxe7 Nxe7 30. Bb4 Qb6 31. Nxd4 Nf5 32. Bxf8 Rxf8 33. Qxb6 axb6 34. Nxf5 Bxf5 35. Re7 Bc8 36. Bg2 1-0

[Event "SWE-chT 0910"]
[Site "Sweden"]
[Date "2010.01.16"]
[Round "6"]
[White "Svensson, Mans"]
[Black "Kimari, Patrik"]
[Result "1-0"]
[WhiteElo "2185"]
[BlackElo "2142"]
[PlyCount "75"]
[EventDate "2009.10.16"]
[EventType "team"]
[EventRounds "11"]
[EventCountry "SWE"]
[SourceTitle "EXT 2011"]
[Source "ChessBase"]
[SourceDate "2010.11.26"]
[SourceVersion "1"]
[SourceVersionDate "2010.11.26"]
[SourceQuality "1"]
[WhiteTeam "Upsala"]
[BlackTeam "Vasteras"]
[WhiteTeamCountry "SWE"]
[BlackTeamCountry "SWE"]

1. d4 Nf6 2. c4 g6 3. f3 c5 4. d5 Bg7 5. Nc3 e6 6. e4 exd5 7. cxd5 d6 8. Bg5 a6 9. a4 0-0 10. Qd2 Re8 11. Nge2 Qa5 12. Ra3 Nbd7 13. Nc1 Ne5 14. Be2 Rb8 15. 0-0 Qc7 16. h3 c4 17. Be3 b6 18. Bd4 Nh5 19. f4 Ng3 20. fxe5 Nxf1 21. Bxf1 Bxe5 22. b3 cxb3 23. Rxb3 Qe7 24. Bxe5 Qxe5 25. N1e2 Bd7 26. Nd4 b5 27. axb5 axb5 28. Bxb5 Bxb5 29. Ndxb5 Rec8 30. Ra3 Rc4 31. Qa2 Rb4 32. Ra8 Qe8 33. Rxb8 Qxb8 34. Qa5 Rb2 35. Nd4 Qc8 36. Nc6 Kg7 37. Qa1 Qb7 38. Na4 1-0

[Event "SWE-chT 0809"]
[Site "Sweden"]
[Date "2009.03.13"]
[Round "9"]
[White "Svensson, Mans"]
[Black "Welin, Mats Erik Thomas"]
[Result "1/2-1/2"]
[WhiteElo "2242"]
[BlackElo "2323"]
[PlyCount "109"]
[EventDate "2008.10.25"]
[EventType "team-tourn"]
[EventRounds "11"]
[EventCountry "SWE"]
[SourceTitle "EXT 2011"]
[Source "ChessBase"]
[SourceDate "2010.11.26"]
[SourceVersion "1"]
[SourceVersionDate "2010.11.26"]
[SourceQuality "1"]

1. d4 Nf6 2. c4 e6 3. Nc3 Bb4 4. Nf3 c5 5. g3 b6 6. Bg2 Bb7 7. 0-0 cxd4 8. Qxd4 Nc6 9. Qf4 0-0 10. Rd1 Rc8 11. Bd2 a6 12. Rac1 Be7 13. g4 Na5 14. b3 d6 15. g5 Ne8 16. Qg3 Bc6 17. Bf4 Qd7 18. Bh3 Ba8 19. Nd5 Bxd5 20. cxd5 Rxc1 21. Bxc1 Nc7 22. Bb2 Qb5 23. dxe6 Nxe6 24. Bxe6 fxe6 25. Nd4 Qd5 26. Qg2 Qxg2+ 27. Kxg2 e5 28. Ne6 Rc8 29. Rc1 Rc6 30. h4 Rxc1 31. Bxc1 Nb7 32. Nc7 a5 33. Be3 Nc5 34. Bxc5 bxc5 35. Kf3 Bd8 36. Nd5 Kf7 37. Ke4 Ke6 38. e3 h6 39. f4 exf4 40. Nxf4+ Kd7 41. Kf5 hxg5 42. hxg5 a4 43. e4 Ba5 44. Nh5 Bc3 45. Kg6 Ke6 46. Nxg7+ Ke5 47. Ne8 axb3 48. axb3 Kxe4 49. Nxd6+ Kd3 50. Kf7 Kc2 51. Ne4 Bd4 52. g6 Kxb3 53. Nxc5+ Kc4 54. Nd7 Bh8 55. g7 1/2-1/2

[Event "SWE-chT 0809"]
[Site "Sweden"]
[Date "2009.02.07"]
[Round "7"]
[White "Svensson, Mans"]
[Black "Lindberg, Bo"]
[Result "0-1"]
[WhiteElo "2242"]
[BlackElo "2423"]
[PlyCount "38"]
[EventDate "2008.10.25"]
[EventType "team-tourn"]
[EventRounds "11"]
[EventCountry "SWE"]
[SourceTitle "EXT 2011"]
[Source "ChessBase"]
[SourceDate "2010.11.26"]
[SourceVersion "1"]
[SourceVersionDate "2010.11.26"]
[SourceQuality "1"]

1. d4 Nf6 2. c4 e6 3. Nc3 Bb4 4. Nf3 Ne4 5. Qc2 f5 6. Nd2 0-0 7. Ncxe4 fxe4 8. Qxe4 d5 9. Qd3 Qf6 10. f3 c5 11. dxc5 Nc6 12. a3 Ba5 13. Rb1 Ne5 14. Qc2 dxc4 15. Qa4 b6 16. c6 Ba6 17. Kd1 Rfd8 18. Kc2 Rd5 19. Kd1 Qh6 0-1

[Event "SWE-chT2 0708"]
[Site "Sweden"]
[Date "2008.01.12"]
[Round "4"]
[White "Svensson, Mans"]
[Black "Sandstrom, Ludvig"]
[Result "1/2-1/2"]
[WhiteElo "2245"]
[BlackElo "2391"]
[PlyCount "84"]
[EventDate "2007.10.20"]
[EventType "team"]
[EventRounds "9"]
[EventCountry "SWE"]
[SourceTitle "EXT 2009"]
[Source "ChessBase"]
[SourceDate "2008.11.26"]
[SourceVersion "1"]
[SourceVersionDate "2008.11.26"]
[SourceQuality "1"]
[WhiteTeam "Upsala II"]
[BlackTeam "Passanten"]
[WhiteTeamCountry "SWE"]
[BlackTeamCountry "SWE"]

1. d4 g6 2. e4 Bg7 3. Nc3 d6 4. Be3 Nd7 5. h3 e5 6. Nge2 Ngf6 7. g4 a6 8. dxe5 dxe5 9. g5 Ng8 10. Qd2 h6 11. 0-0-0 c6 12. gxh6 Bxh6 13. f4 Qa5 14. f5 Bxe3 15. Qxe3 Qc5 16. Qf3 Ne7 17. Ng3 Rh4 18. fxg6 fxg6 19. Nge2 Rh7 20. h4 Nf8 21. h5 gxh5 22. Rxh5 Rxh5 23. Qxh5+ Nfg6 24. Kb1 Qf2 25. Qg5 Be6 26. Qd2 Kf7 27. Qd6 Rh8 28. Nc1 Qf6 29. Qc7 Rh1 30. Bd3 Rxd1 31. Nxd1 b5 32. Ne3 Qf4 33. Qa7 Nh4 34. b3 Qf2 35. Qb6 Ng2 36. Nc4 Qxb6 37. Nxb6 Ke8 38. a4 Kd8 39. a5 c5 40. c4 b4 41. Na4 Nc6 42. Nxc5 Bc8 1/2-1/2

[Event "Hallstahammar op"]
[Site "Hallstahammar"]
[Date "2003.09.14"]
[Round "7"]
[White "Svensson, Mans"]
[Black "Karlsson, Patrik"]
[Result "1-0"]
[WhiteElo "2176"]
[BlackElo "1947"]
[PlyCount "105"]
[EventDate "2003.09.12"]
[EventType "swiss"]
[EventRounds "7"]
[EventCountry "SWE"]
[SourceTitle "CBM 096 Extra"]
[Source "ChessBase"]
[SourceDate "2003.10.22"]
[SourceVersion "2"]
[SourceVersionDate "2003.10.20"]
[SourceQuality "1"]

1. d4 Nf6 2. c4 c5 3. d5 b5 4. Qc2 d6 5. e4 g6 6. cxb5 Bg7 7. Nc3 0-0 8. Nf3 a6 9. a4 axb5 10. Bxb5 Ba6 11. 0-0 Ne8 12. Bg5 Nc7 13. Qe2 Ra7 14. Rfd1 f6 15. Bf4 Rb7 16. Bg3 Qe8 17. Bxa6 Nbxa6 18. Ne1 Qd7 19. f4 Rfb8 20. Rab1 Nb4 21. Nf3 Na8 22. e5 f5 23. Ng5 Nc7 24. Bf2 h6 25. Nf3 Kh7 26. h4 h5 27. Rd2 dxe5 28. Ng5+ Kh8 29. fxe5 Nbxd5 30. Nxd5 Nxd5 31. Rbd1 e6 32. Bxc5 Qxa4 33. Nxe6 Nf4 34. Rd8+ Kh7 35. Ng5+ Kh6 36. Qe3 Rxd8 37. Rxd8 Rxb2 38. Rd2 Rxd2 39. Qxd2 Qa1+ 40. Kh2 Bxe5 41. Bf8+ Bg7 42. Bxg7+ Qxg7 43. Qxf4 Qe7 44. Nf3+ Kh7 45. Qe5 Qf8 46. Qe6 Qg7 47. Ne5 Kh6 48. Kh3 Qh7 49. Nf7+ Kg7 50. Ng5 Qh6 51. Qf7+ Kh8 52. Kg3 f4+ 53. Kxf4 1-0

[Event "Hallstahammar op"]
[Site "Hallstahammar"]
[Date "2003.09.13"]
[Round "5"]
[White "Svensson, Mans"]
[Black "Malmstig, Erik"]
[Result "1/2-1/2"]
[WhiteElo "2176"]
[BlackElo "2335"]
[PlyCount "69"]
[EventDate "2003.09.12"]
[EventType "swiss"]
[EventRounds "7"]
[EventCountry "SWE"]
[SourceTitle "CBM 096 Extra"]
[Source "ChessBase"]
[SourceDate "2003.10.22"]
[SourceVersion "2"]
[SourceVersionDate "2003.10.20"]
[SourceQuality "1"]

1. e4 d6 2. d4 Nf6 3. Nc3 g6 4. Be3 c6 5. h3 Bg7 6. f4 0-0 7. Qf3 e5 8. 0-0-0 Qa5 9. g4 b5 10. dxe5 dxe5 11. f5 b4 12. Nb1 Qxa2 13. g5 Nfd7 14. f6 Bh8 15. Bd2 a5 16. h4 Nc5 17. h5 Be6 18. hxg6 fxg6 19. Rxh7 Kxh7 20. Qh1+ Kg8 21. Qh6 Bf7 22. Bxb4 axb4 23. Rd2 Na4 24. Rh2 Qxb2+ 25. Kd2 Rd8+ 26. Ke3 Qc1+ 27. Nd2 Qxd2+ 28. Rxd2 Rxd2 29. Kxd2 Nb6 30. Bh3 N8d7 31. Be6 Bxe6 32. Qxg6+ Kf8 33. Qh6+ Kg8 34. Qg6+ Kf8 35. Qh6+ 1/2-1/2

[Event "Hallstahammar op"]
[Site "Hallstahammar"]
[Date "2001.09.08"]
[Round "4"]
[White "Svensson, Mans"]
[Black "Wisdahl, Peter"]
[Result "0-1"]
[WhiteElo "1995"]
[BlackElo "1728"]
[PlyCount "58"]
[EventDate "2001.??.??"]
[EventType "swiss"]
[EventRounds "7"]
[EventCountry "SWE"]
[SourceTitle "EXT 2006"]
[Source "ChessBase"]
[SourceDate "2005.11.24"]
[SourceVersion "1"]
[SourceVersionDate "2005.11.24"]
[SourceQuality "1"]

1. e4 e5 2. Nf3 Nc6 3. Bb5 a6 4. Ba4 Nf6 5. 0-0 Be7 6. d4 exd4 7. e5 Ne4 8. Nxd4 Nc5 9. Bb3 Nxb3 10. axb3 Nxe5 11. Nf5 0-0 12. Re1 Bf6 13. f4 Ng6 14. Nc3 d5 15. Nd4 c6 16. Na4 Qd6 17. g3 c5 18. Nf3 b5 19. Nc3 Bb7 20. Ne4 Qc6 21. Nxf6+ Qxf6 22. b4 cxb4 23. Nd4 Ne7 24. Be3 Nf5 25. Bf2 Nd6 26. Qd2 Ne4 27. Qxb4 a5 28. Qxb5 Nxf2 29. Qxb7 Qxd4 0-1